Les raretés des cartes Yu-Gi-Oh - Statistiques

Statistiques générales
  • Ce quiz a été pris 32 fois
  • Le résultat moyen est 10 sur 20
Statistiques - réponses
Raretés des cartes Yu-Gi-Oh % Correct
Ultra Rare
100%
Commune
96%
Rare
96%
Super Rare
93%
Ghost Rare
78%
Ultimate Rare
74%
Secrète Rare
70%
Starlight Rare
67%
Gold Rare
56%
Collector Rare
52%
Starfoil Rare
48%
Mosaic Rare
44%
Shatterfoil Rare
44%
Parallèle Rare
30%
Duel Terminal Rare
26%
Gold Secrète Rare
22%
Prismatique Rare
22%
Gold Ghost Rare
15%
Premium Gold Rare
7%
Millenium Ultra Rare
0%
Aucun quiz correspondant
Distribution des résultats
% des personnes avec chaque résultat
Percentile par nombre de réponses
Votre historique - résultats
Vous n’avez pas pris ce quiz